000 00677nam a2200265 a 4500
005 20140310183238.0
008 040611s19uu xx 00 eng d
020 _a078156618
050 _aRC 4004
_b.V536 2004
100 _aVidebeck, Sheila L.
245 _aPsychiatric mental health nursing /
250 _a3rd.
260 _aPhiladelphia :
_bLippincott Williams & Wilkins,
_c2004.
300 _a591 p. :
_c25 cm.
521 _aNUR
650 _aPsychiatric nursing.
650 _aMental disorders-nursing.
942 _cBK
_2lcc
_kFOR
999 _c20570
_d20570